| 000 | 00898nam a22003017a 4500 | ||
|---|---|---|---|
| 001 | 0074 | ||
| 003 | DO-SdBPM | ||
| 005 | 20250826123413.0 | ||
| 007 | ta | ||
| 008 | 151110b1984 sp || |||| 00| 0 spa d | ||
| 020 | _a8422602156 | ||
| 040 |
_aDO-SdBPM _bspa _cBPMSU _erda |
||
| 082 | 4 |
_a853.8 _b A516c 1984 _222 |
|
| 100 | 1 |
_aAmicis, Edmundo de _d1846-1908. _eautor |
|
| 245 | 1 | 0 |
_aCorazón / _cEdmundo de Amicis ; traducción R. Riera Rojas |
| 260 | _c | ||
| 264 |
_aBarcelona : _bCírculo de lectores, _c1984 |
||
| 300 |
_a270 páginas ; _c20 cm. |
||
| 336 |
_atexto _btxt _2rdacontent |
||
| 337 |
_asin mediación _bn _2rdamedia |
||
| 338 |
_avolumen _bnc _2rdacarrier |
||
| 590 | _aInventariado, 2025/VM | ||
| 650 | 7 | _a Novela juvenil italiana | |
| 650 | 7 |
_aFamilia _vNovela |
|
| 700 | 1 |
_aRiera Rojas, R., _etraductor |
|
| 910 | _aVMateo V. Control de calidad. BPMSU | ||
| 942 |
_2ddc _cBK |
||
| 999 |
_c8629 _d8629 |
||